[Event "Agneaux St Lo op 17th"]
[Site "Agneaux"]
[Date "2015.07.06"]
[Round "3"]
[White "Bourdonnais, Loic"]
[Black "Miron, Lucian Costin"]
[Result "0-1"]
[WhiteElo "2229"]
[BlackElo "2490"]
[PlyCount "74"]
[EventDate "2015.07.03"]
[EventType "swiss"]
[EventRounds "9"]
[EventCountry "FRA"]
[SourceTitle "EXT 2016"]
[Source "ChessBase"]
[SourceDate "2015.10.08"]
[SourceVersion "1"]
[SourceVersionDate "2015.10.08"]
[SourceQuality "1"]

1. c4 e6 2. g3 Nf6 3. Bg2 d5 4. Nf3 Be7 5. 0-0 0-0 6. b3 c5 7. e3 Nc6 8. Bb2 a6 9. d4 b6 10. Nc3 Bb7 11. Rc1 dxc4 12. bxc4 Na5 13. Qe2 cxd4 14. exd4 Re8 15. Rfd1 Rc8 16. Ne5 Bxg2 17. Kxg2 Qc7 18. d5 Nxc4 19. Nxc4 Qxc4 20. d6 Qxe2 21. Nxe2 Rxc1 22. Bxc1 Rd8 23. Ba3 Bf8 24. Nd4 Rc8 25. f4 Nd7 26. f5 e5 27. Ne6 Rc3 28. Nxf8 Kxf8 29. Rc1 Rxc1 30. Bxc1 Nc5 31. Kf3 f6 32. g4 Ke8 33. g5 Kd7 34. g6 hxg6 35. fxg6 Kxd6 36. h4 Ke6 37. h5 f5 0-1

[Event "Agneaux St Lo op 17th"]
[Site "Agneaux"]
[Date "2015.07.06"]
[Round "4"]
[White "Bouvet, Florian"]
[Black "Bourdonnais, Loic"]
[Result "1/2-1/2"]
[WhiteElo "2040"]
[BlackElo "2229"]
[PlyCount "62"]
[EventDate "2015.07.03"]
[EventType "swiss"]
[EventRounds "9"]
[EventCountry "FRA"]
[SourceTitle "EXT 2016"]
[Source "ChessBase"]
[SourceDate "2015.10.08"]
[SourceVersion "1"]
[SourceVersionDate "2015.10.08"]
[SourceQuality "1"]

1. e4 g6 2. d4 Bg7 3. Nf3 d6 4. Nc3 Nd7 5. Bc4 e6 6. Be3 Ne7 7. Qd2 h6 8. 0-0 b6 9. a4 a6 10. Rfe1 Bb7 11. h3 Kf8 12. Nh2 Nf6 13. f3 Kg8 14. Rad1 Kh7 15. Ng4 Nxg4 16. hxg4 Qd7 17. Kf2 d5 18. exd5 Nxd5 19. Bxd5 exd5 20. Rh1 f5 21. gxf5 Qxf5 22. Bxh6 Kg8 23. Bxg7 Kxg7 24. Rde1 Qf6 25. Rxh8 Rxh8 26. Qe3 Kf7 27. Qe5 Qh4+ 28. Kf1 Qh1+ 29. Kf2 Qh4+ 30. Kf1 Qh1+ 31. Kf2 Qh4+ 1/2-1/2

[Event "Agneaux St Lo op 16th"]
[Site "Agneaux"]
[Date "2014.07.12"]
[Round "8"]
[White "Marimoutou, Loic"]
[Black "Bourdonnais, Loic"]
[Result "1/2-1/2"]
[WhiteElo "2081"]
[BlackElo "2222"]
[PlyCount "101"]
[EventDate "2014.07.06"]
[EventType "swiss"]
[EventRounds "9"]
[EventCountry "FRA"]
[SourceTitle "EXT 2015"]
[Source "ChessBase"]
[SourceDate "2014.11.20"]
[SourceVersion "1"]
[SourceVersionDate "2014.11.20"]
[SourceQuality "1"]

1. e4 g6 2. Nc3 Bg7 3. f4 c6 4. Nf3 d5 5. d3 dxe4 6. dxe4 Qxd1+ 7. Nxd1 Nf6 8. Nf2 0-0 9. Be2 c5 10. 0-0 b6 11. Be3 Bb7 12. Nd2 Nc6 13. c3 e5 14. Nc4 exf4 15. Bxf4 Ba6 16. Rfe1 Nh5 17. Bg5 h6 18. Bh4 g5 19. Bxh5 Bxc4 20. Bg3 Rad8 21. Be2 Be6 22. Red1 Rxd1+ 23. Rxd1 Bxa2 24. Bb5 Na5 25. Rd7 Bc4 26. Ba4 a6 27. Rd6 b5 28. Rxa6 Nb3 29. Bxb3 Bxb3 30. Bd6 Rc8 31. Nd3 c4 32. Nc5 b4 33. Nxb3 bxc3 34. bxc3 cxb3 35. Rb6 Rxc3 36. e5 Rc1+ 37. Kf2 Rc2+ 38. Kf3 b2 39. Rb5 Kh7 40. h3 h5 41. g4 h4 42. Rb6 Rc3+ 43. Ke4 Rxh3 44. Rxb2 Rg3 45. Kf5 Kh6 46. Rf2 Rb3 47. Be7 h3 48. Bxg5+ Kh7 49. Bf6 Bf8 50. g5 Rb4 51. Rh2 1/2-1/2

[Event "Agneaux St Lo op 16th"]
[Site "Agneaux"]
[Date "2014.07.11"]
[Round "7"]
[White "Bourdonnais, Loic"]
[Black "Ronce, Nathan"]
[Result "1/2-1/2"]
[WhiteElo "2222"]
[BlackElo "2008"]
[PlyCount "115"]
[EventDate "2014.07.06"]
[EventType "swiss"]
[EventRounds "9"]
[EventCountry "FRA"]
[SourceTitle "EXT 2015"]
[Source "ChessBase"]
[SourceDate "2014.11.20"]
[SourceVersion "1"]
[SourceVersionDate "2014.11.20"]
[SourceQuality "1"]

1. c4 e5 2. g3 Nf6 3. Bg2 d5 4. cxd5 Nxd5 5. Nc3 Nb6 6. Nf3 Nc6 7. 0-0 Be7 8. a3 0-0 9. b4 Be6 10. d3 f6 11. Bb2 a5 12. b5 Nd4 13. Nxd4 exd4 14. Na4 Bd5 15. Nxb6 cxb6 16. Qa4 Bxg2 17. Kxg2 Qd5+ 18. Kg1 Bc5 19. Rac1 Rad8 20. Qc4 Rfe8 21. Rfe1 Kh8 22. Qxd5 Rxd5 23. Rc4 f5 24. h3 Kg8 25. Kf1 Kf7 26. a4 Re6 27. e4 dxe3 28. d4 Bd6 29. Rxe3 Rxe3 30. fxe3 Bxg3 31. Rc8 Rd7 32. Kg2 Bh4 33. Kf3 Bf6 34. Rc4 g6 35. e4 fxe4+ 36. Kxe4 Re7+ 37. Kf3 Rd7 38. Ke4 Re7+ 39. Kd3 Rd7 40. Bc1 g5 41. Be3 Kg6 42. Rc8 Kh5 43. Re8 Kh4 44. Rf8 Bd8 45. Rf3 Bc7 46. Bf2+ Kh5 47. Ke4 Kg6 48. Rd3 Re7+ 49. Kd5 Bf4 50. Bg3 Rd7+ 51. Ke4 Re7+ 52. Kd5 Rd7+ 53. Kc4 Kf5 54. d5 Ke4 55. Rd4+ Ke3 56. Rd3+ Ke4 57. Rd4+ Ke3 58. Rd3+ 1/2-1/2

[Event "Angers op 9th"]
[Site "Angers"]
[Date "2014.05.11"]
[Round "5"]
[White "Le Ruyet, Leopold"]
[Black "Bourdonnais, Loic"]
[Result "1/2-1/2"]
[WhiteElo "2259"]
[BlackElo "2209"]
[PlyCount "90"]
[EventDate "2014.05.09"]
[EventType "swiss"]
[EventRounds "6"]
[EventCountry "FRA"]
[SourceTitle "CBM 160 Extra"]
[Source "ChessBase"]
[SourceDate "2014.07.01"]
[SourceVersion "1"]
[SourceVersionDate "2014.07.01"]
[SourceQuality "1"]

1. e4 g6 2. h4 h5 3. d4 c6 4. Nc3 Bg7 5. Bc4 b5 6. Bb3 b4 7. Nce2 d5 8. e5 Nh6 9. Nf4 e6 10. Nf3 c5 11. dxc5 0-0 12. Nxd5 exd5 13. Bxd5 Ng4 14. Bg5 Qc7 15. Bxa8 Qxc5 16. Qd4 Qxd4 17. Nxd4 Bxe5 18. Be3 Nxe3 19. fxe3 Bg3+ 20. Kd2 Nd7 21. Be4 Re8 22. Bc6 f5 23. Raf1 Re7 24. Bxd7 Rxd7 25. c3 bxc3+ 26. bxc3 Bb7 27. Rb1 Bxg2 28. Rhg1 Be4 29. Rxg3 Bxb1 30. Rxg6+ Rg7 31. Rxg7+ Kxg7 32. a4 Be4 33. c4 Kf6 34. Ne2 a5 35. Nf4 Bc6 36. Nxh5+ Ke5 37. Nf4 Bxa4 38. Nd3+ Kf6 39. Kc3 Be8 40. Kd4 a4 41. Nb4 a3 42. Kc3 Ke5 43. Nc2 a2 44. Kb2 f4 45. exf4+ Kxf4 1/2-1/2

[Event "Angers op 9th"]
[Site "Angers"]
[Date "2014.05.10"]
[Round "4"]
[White "Bourdonnais, Loic"]
[Black "Saada, Julien"]
[Result "1/2-1/2"]
[WhiteElo "2209"]
[BlackElo "2377"]
[PlyCount "46"]
[EventDate "2014.05.09"]
[EventType "swiss"]
[EventRounds "6"]
[EventCountry "FRA"]
[SourceTitle "CBM 160 Extra"]
[Source "ChessBase"]
[SourceDate "2014.07.01"]
[SourceVersion "1"]
[SourceVersionDate "2014.07.01"]
[SourceQuality "1"]

1. c4 e6 2. g3 d5 3. Bg2 Nf6 4. Nf3 dxc4 5. Na3 Bxa3 6. bxa3 Nbd7 7. 0-0 0-0 8. Qc2 Rb8 9. a4 c5 10. Rb1 b6 11. Qxc4 Bb7 12. d3 Bxf3 13. Bxf3 Ne5 14. Qf4 Nxf3+ 15. Qxf3 Qd5 16. Qxd5 Nxd5 17. Bd2 Rfc8 18. Rfc1 Kf8 19. Rc4 Ke7 20. e4 Nf6 21. Bf4 Rb7 22. a5 Rc6 23. Be3 Rbc7 1/2-1/2

[Event "Caen op"]
[Site "Caen"]
[Date "2013.11.02"]
[Round "4"]
[White "Leconte, Maria"]
[Black "Bourdonnais, Loic"]
[Result "1/2-1/2"]
[WhiteElo "2270"]
[BlackElo "2211"]
[PlyCount "107"]
[EventDate "2013.10.31"]
[EventType "swiss"]
[EventRounds "7"]
[EventCountry "FRA"]
[SourceTitle "EXT 2015"]
[Source "ChessBase"]
[SourceDate "2014.11.20"]
[SourceVersion "1"]
[SourceVersionDate "2014.11.20"]
[SourceQuality "1"]

1. e4 g6 2. d4 Bg7 3. Nc3 d6 4. Be3 c6 5. Qd2 b5 6. Bd3 Nd7 7. Nf3 Bb7 8. 0-0 Ngf6 9. Bh6 0-0 10. Bxg7 Kxg7 11. e5 Ne8 12. e6 fxe6 13. Ng5 Nc7 14. f4 h6 15. Nf3 b4 16. Ne2 Ba6 17. Nh4 Bxd3 18. Qxd3 Qe8 19. Rf3 Rf6 20. g4 g5 21. Ng2 Qg6 22. Qd2 h5 23. Rg3 h4 24. Rh3 Raf8 25. fxg5 Rf2 26. Nxh4 Qe4 27. Ng3 Rxd2 28. Nxe4 Rxd4 29. Re1 Rf4 30. Ng3 Rxg4 31. Nhf5+ exf5 32. Rxe7+ Kg6 33. Rxd7 f4 34. Rxc7 fxg3 35. hxg3 Rd2 36. Rh6+ Kxg5 37. Rg7+ Kxh6 38. Rxg4 Rxc2 39. Rxb4 Kg5 40. a4 d5 41. Kf1 a5 42. Rb8 Kg4 43. Ke1 Kxg3 44. Kd1 Rc5 45. Kd2 Kf4 46. Kd3 Ke5 47. b3 Rc1 48. Re8+ Kd6 49. Ra8 Kc5 50. Kd2 Ra1 51. Rxa5+ Kb4 52. Ra6 Kxb3 53. Rxc6 Rxa4 54. Kd3 1/2-1/2

[Event "Agneaux St Lo IM 15th"]
[Site "Agneaux"]
[Date "2013.07.13"]
[Round "8"]
[White "Bourdonnais, Loic"]
[Black "Bakalarz, Mietek"]
[Result "1-0"]
[WhiteElo "2190"]
[BlackElo "2308"]
[PlyCount "97"]
[EventDate "2013.07.07"]
[EventType "tourn"]
[EventRounds "9"]
[EventCountry "FRA"]
[EventCategory "2"]
[SourceTitle "CBM 155 Extra"]
[Source "ChessBase"]
[SourceDate "2013.08.26"]
[SourceVersion "1"]
[SourceVersionDate "2013.08.26"]
[SourceQuality "1"]

1. c4 e5 2. g3 c6 3. Nf3 e4 4. Nd4 Qb6 5. e3 Nf6 6. Bg2 d5 7. cxd5 cxd5 8. 0-0 Nc6 9. d3 Bg4 10. Qa4 Qb4 11. Qxb4 Nxb4 12. dxe4 dxe4 13. Nc3 Bc5 14. Nxe4 Bxd4 15. exd4 Nc2 16. Nxf6+ gxf6 17. Bxb7 Rb8 18. Bc6+ Bd7 19. Bf4 Bxc6 20. Bxb8 Nxa1 21. Rxa1 a6 22. Bf4 Kd7 23. Re1 Bd5 24. b3 Rc8 25. Rc1 Rxc1+ 26. Bxc1 Be4 27. Kf1 Bb1 28. a3 Ba2 29. b4 Ke6 30. Ke2 Bd5 31. Kd3 Kf5 32. h4 h5 33. a4 Bc6 34. Kc4 Bxa4 35. d5 Ke4 36. Kc5 Kf5 37. Bf4 Bb5 38. Kd6 Ke4 39. f3+ Kd4 40. g4 hxg4 41. fxg4 Be2 42. h5 Bxg4 43. h6 Bf5 44. Kc6 Be4 45. Kb6 Kxd5 46. Kxa6 Bd3+ 47. Kb6 Kc4 48. b5 Be4 49. Ka6 1-0

[Event "Agneaux St Lo IM 15th"]
[Site "Agneaux"]
[Date "2013.07.09"]
[Round "4"]
[White "Poley, Vladimir"]
[Black "Bourdonnais, Loic"]
[Result "0-1"]
[WhiteElo "2326"]
[BlackElo "2190"]
[PlyCount "62"]
[EventDate "2013.07.07"]
[EventType "tourn"]
[EventRounds "9"]
[EventCountry "FRA"]
[EventCategory "2"]
[SourceTitle "CBM 155 Extra"]
[Source "ChessBase"]
[SourceDate "2013.08.26"]
[SourceVersion "1"]
[SourceVersionDate "2013.08.26"]
[SourceQuality "1"]

1. Nf3 c5 2. e3 g6 3. d4 Nf6 4. a3 d5 5. dxc5 a5 6. c4 Na6 7. Nc3 e6 8. cxd5 exd5 9. Bb5+ Bd7 10. Bxd7+ Qxd7 11. Ne5 Qe6 12. Qa4+ Kd8 13. Nd3 Nxc5 14. Nxc5 Bxc5 15. 0-0 Ke7 16. Rd1 Rhd8 17. Nb5 Qe4 18. Nd4 Kf8 19. b3 Bd6 20. Bb2 Bxh2+ 21. Kxh2 Qh4+ 22. Kg1 Ng4 23. Rd2 Qh2+ 24. Kf1 Qh1+ 25. Ke2 Qxg2 26. Rf1 Nxe3 27. Ne6+ fxe6 28. Kxe3 d4+ 29. Bxd4 Qxf1 30. Bc5+ Kg8 31. Bd6 Qe1+ 0-1

[Event "FRA-ch op-A"]
[Site "Caen"]
[Date "2011.08.19"]
[Round "4"]
[White "Aflalo, Sophie"]
[Black "Bourdonnais, Loic"]
[Result "0-1"]
[WhiteElo "2041"]
[BlackElo "2165"]
[PlyCount "130"]
[EventDate "2011.08.16"]
[EventType "swiss"]
[EventRounds "11"]
[EventCountry "FRA"]
[SourceTitle "CBM 144 Extra"]
[Source "ChessBase"]
[SourceDate "2011.10.28"]
[SourceVersion "1"]
[SourceVersionDate "2011.10.28"]
[SourceQuality "1"]

1. e4 g6 2. d4 Bg7 3. Bc4 e6 4. Bb3 Ne7 5. Ne2 b6 6. Be3 Bb7 7. Nbc3 d5 8. f3 Nd7 9. Nf4 Nf6 10. Qd3 c6 11. Nce2 Qc7 12. c3 Rd8 13. e5 Nd7 14. h4 h5 15. g4 hxg4 16. fxg4 c5 17. Ba4 Bxe5 18. Kd2 Bg7 19. h5 g5 20. Nh3 f6 21. Rhf1 Bc6 22. Bxc6 Qxc6 23. Ng3 Bh6 24. Rf2 Qc7 25. Rg1 e5 26. Nf5 e4 27. Qf1 Nxf5 28. Rxf5 Qc6 29. Nf2 0-0 30. Nh1 cxd4 31. Bxd4 Ne5 32. Ng3 Nxg4 33. Nxe4 dxe4 34. Rxg4 Qe6 35. Ke3 Rd5 36. Rxf6 Rxf6 37. Qxf6 Qxg4 38. Qg6+ Kf8 39. Qxh6+ Ke8 40. Qg6+ Kd7 41. Qf7+ Kc6 42. Qe8+ Rd7 43. Qc8+ Kd6 44. Qb8+ Kc6 45. Qc8+ Kd6 46. Qb8+ Kd5 47. Qa8+ Ke6 48. Qc6+ Ke7 49. Qxe4+ Qxe4+ 50. Kxe4 Kf7 51. Ke5 Rd8 52. Kf5 Rd5+ 53. Ke4 Ra5 54. a3 Kg8 55. b4 Rxa3 56. Kf5 Kh7 57. Kxg5 a5 58. Bxb6 a4 59. c4 Rc3 60. Kf5 a3 61. Bd4 Rxc4 62. Be5 Rxb4 63. Bd6 Rb5+ 64. Ke4 a2 65. Be5 Rxe5+ 0-1

[Event "FRA-ch op-A"]
[Site "Caen"]
[Date "2011.08.17"]
[Round "2"]
[White "Lefebvre, Pierre"]
[Black "Bourdonnais, Loic"]
[Result "1-0"]
[WhiteElo "2058"]
[BlackElo "2165"]
[PlyCount "117"]
[EventDate "2011.08.16"]
[EventType "swiss"]
[EventRounds "11"]
[EventCountry "FRA"]
[SourceTitle "CBM 144 Extra"]
[Source "ChessBase"]
[SourceDate "2011.10.28"]
[SourceVersion "1"]
[SourceVersionDate "2011.10.28"]
[SourceQuality "1"]

1. e4 d6 2. c4 Nf6 3. Nc3 g6 4. g3 Bg7 5. Bg2 0-0 6. Nge2 c5 7. d3 Nc6 8. 0-0 Ne8 9. Be3 Nc7 10. d4 cxd4 11. Nxd4 Ne5 12. b3 a6 13. h3 Bd7 14. Rc1 Nc6 15. Nde2 b5 16. Bb6 Qb8 17. Bxc7 Qxc7 18. cxb5 axb5 19. Nxb5 Qb6 20. a4 Rab8 21. Nec3 Nb4 22. Qe2 Rfc8 23. Rfd1 Rc5 24. Nd5 Nxd5 25. exd5 Bxb5 26. axb5 Bf6 27. Bf1 Rbc8 28. Rxc5 Rxc5 29. Qa2 Rc3 30. Kg2 Bd4 31. Bc4 Kg7 32. Rd2 Bxf2 33. Rxf2 Qe3 34. Qb2 Qxg3+ 35. Kh1 Qxh3+ 36. Kg1 f6 37. Qd2 Re3 38. Rg2 Re5 39. b6 Rh5 40. Rh2 Qg4+ 41. Rg2 Qh4 42. Rh2 Rg5+ 43. Kf1 Rf5+ 44. Rf2 Re5 45. Rh2 Rf5+ 46. Kg1 Rg5+ 47. Rg2 Rh5 48. b7 Qh1+ 49. Kf2 Rf5+ 50. Ke3 Qh3+ 51. Kd4 Rh5 52. Re2 e5+ 53. dxe6 Qf3 54. Re4 Re5 55. Qe2 Qh1 56. b8Q Qa1+ 57. Kd3 Qb1+ 58. Kc3 Qa1+ 59. Qb2 1-0

[Event "Bagnoles de l'Orne"]
[Site "Bagnoles de l'Orne"]
[Date "2009.06.01"]
[Round "5"]
[White "Bourdonnais, Loic"]
[Black "Andrieu, Philippe"]
[Result "1-0"]
[WhiteElo "2154"]
[BlackElo "1914"]
[PlyCount "63"]
[EventDate "2009.05.30"]
[EventType "swiss"]
[EventRounds "6"]
[EventCountry "FRA"]
[SourceTitle "CBM 130 Extra"]
[Source "ChessBase"]
[SourceDate "2009.07.02"]
[SourceVersion "2"]
[SourceVersionDate "2009.07.15"]
[SourceQuality "1"]

1. c4 e5 2. Nc3 Nf6 3. g3 c6 4. Bg2 d5 5. cxd5 cxd5 6. d4 e4 7. Bg5 Be7 8. Qb3 Be6 9. Bxf6 Bxf6 10. e3 0-0 11. Qxb7 Nd7 12. Qb3 Nc5 13. dxc5 d4 14. Qc2 dxc3 15. bxc3 Qa5 16. Ne2 Rac8 17. 0-0 Rxc5 18. Bxe4 g6 19. Rfc1 Rfc8 20. Qd2 Bxc3 21. Nxc3 Rxc3 22. Rxc3 Rxc3 23. Rd1 Ra3 24. Qd6 Rxa2 25. Rb1 Rd2 26. Rb8+ Kg7 27. Qf8+ Kf6 28. Qh8+ Kg5 29. h4+ Kg4 30. Qf6 Bd5 31. Qg5+ Kh3 32. Bf5+ 1-0

[Event "Bagnoles de l'Orne"]
[Site "Bagnoles de l'Orne"]
[Date "2009.05.31"]
[Round "3"]
[White "Bourdonnais, Loic"]
[Black "Vaillant, Stephane"]
[Result "1/2-1/2"]
[WhiteElo "2154"]
[BlackElo "1985"]
[PlyCount "57"]
[EventDate "2009.05.30"]
[EventType "swiss"]
[EventRounds "6"]
[EventCountry "FRA"]
[SourceTitle "CBM 130 Extra"]
[Source "ChessBase"]
[SourceDate "2009.07.02"]
[SourceVersion "2"]
[SourceVersionDate "2009.07.15"]
[SourceQuality "1"]

1. c4 e6 2. Nf3 Nf6 3. b3 d5 4. e3 Be7 5. Bb2 0-0 6. Rg1 c5 7. g4 Nc6 8. g5 Ne8 9. a3 f6 10. h4 d4 11. exd4 Nxd4 12. Nxd4 cxd4 13. f4 Qd6 14. Qg4 fxg5 15. fxg5 e5 16. Qg3 Bf5 17. d3 Nc7 18. Nd2 Ne6 19. 0-0-0 Nf4 20. Nf3 Rae8 21. Rh1 Bd8 22. Qg1 Bc7 23. Rh2 a5 24. Rhd2 Bb6 25. Ne1 Bc5 26. Nc2 Qb6 27. Na1 Qd6 28. Nc2 Qb6 29. Na1 1/2-1/2

[Event "Bagnoles de l'Orne"]
[Site "Bagnoles de l'Orne"]
[Date "2009.05.31"]
[Round "4"]
[White "Godart, Francois"]
[Black "Bourdonnais, Loic"]
[Result "1-0"]
[WhiteElo "2119"]
[BlackElo "2154"]
[PlyCount "40"]
[EventDate "2009.05.30"]
[EventType "swiss"]
[EventRounds "6"]
[EventCountry "FRA"]
[SourceTitle "CBM 130 Extra"]
[Source "ChessBase"]
[SourceDate "2009.07.02"]
[SourceVersion "2"]
[SourceVersionDate "2009.07.15"]
[SourceQuality "1"]

1. d4 d5 2. c4 e5 3. dxe5 d4 4. Nf3 Nc6 5. Nbd2 Bg4 6. a3 a5 7. g3 Qd7 8. Bg2 Bc5 9. 0-0 Bh3 10. Ne4 Ba7 11. b4 Bxg2 12. Kxg2 Nge7 13. b5 Nd8 14. Bb2 Ne6 15. Qd2 Ng6 16. Rad1 0-0 17. Nxd4 Nxd4 18. Bxd4 Bxd4 19. Qxd4 Qe7 20. f4 Qxa3 1-0

[Event "Avoine op 23rd"]
[Site "Avoine"]
[Date "2008.07.21"]
[Round "3"]
[White "Bodicker, Rob"]
[Black "Bourdonnais, Loic"]
[Result "1-0"]
[WhiteElo "2104"]
[BlackElo "2169"]
[PlyCount "89"]
[EventDate "2008.07.19"]
[EventType "swiss"]
[EventRounds "9"]
[EventCountry "FRA"]
[SourceTitle "CBM 125 Extra"]
[Source "ChessBase"]
[SourceDate "2008.09.01"]
[SourceVersion "1"]
[SourceVersionDate "2008.09.01"]
[SourceQuality "1"]

1. d4 Nf6 2. c4 e6 3. Nf3 c5 4. d5 exd5 5. cxd5 d6 6. Nc3 g6 7. e4 Bg4 8. Be2 Qe7 9. Nd2 Bxe2 10. Qxe2 Bg7 11. 0-0 0-0 12. Nc4 Ne8 13. Re1 Nd7 14. f4 f6 15. Bd2 Nc7 16. a4 Rae8 17. Qf3 Rf7 18. Qg3 Bf8 19. Rf1 Nb6 20. Ne3 Kh8 21. a5 Nc8 22. Nc4 Bg7 23. Rae1 Qd7 24. f5 g5 25. h4 h6 26. hxg5 hxg5 27. Be3 b5 28. axb6 axb6 29. e5 dxe5 30. d6 Nb5 31. Ne4 Nd4 32. Bxd4 cxd4 33. Rc1 Qb7 34. Qg4 Kg8 35. Rf3 Qd5 36. Rd3 b5 37. Ncd2 Qb7 38. Nb3 Nb6 39. Nbc5 Qd5 40. Ne6 Rc8 41. Rxc8+ Nxc8 42. Rh3 Bh6 43. Rxh6 Nxd6 44. Nxf6+ Rxf6 45. Qxg5+ 1-0

[Event "FRA-chT2 West 0708"]
[Site "France"]
[Date "2008.03.16"]
[Round "8.6"]
[White "Bourdonnais, Loic"]
[Black "Maurel, Jean Louis"]
[Result "1-0"]
[WhiteElo "2190"]
[BlackElo "1987"]
[PlyCount "129"]
[EventDate "2007.10.21"]
[EventType "team"]
[EventRounds "11"]
[EventCountry "FRA"]
[SourceTitle "EXT 2009"]
[Source "ChessBase"]
[SourceDate "2008.11.26"]
[SourceVersion "1"]
[SourceVersionDate "2008.11.26"]
[SourceQuality "1"]
[WhiteTeam "Lisieux"]
[BlackTeam "Orleans"]
[WhiteTeamCountry "FRA"]
[BlackTeamCountry "FRA"]

1. c4 g6 2. g3 Bg7 3. Bg2 d6 4. Nc3 e5 5. e4 c6 6. Nge2 Be6 7. d3 f5 8. 0-0 Nf6 9. b3 0-0 10. exf5 gxf5 11. d4 Qc7 12. Ba3 Re8 13. dxe5 dxe5 14. Bd6 Qa5 15. b4 Qd8 16. c5 Bc4 17. Re1 Qd7 18. Qc2 Na6 19. Rad1 Nxb4 20. Qa4 Bxe2 21. Rxe2 Na6 22. Bxe5 Qf7 23. Bxc6 bxc6 24. Qxa6 Rxe5 25. Rxe5 Ng4 26. Qxc6 Rf8 27. f4 Nxe5 28. fxe5 Bxe5 29. Nd5 Kh8 30. Qa4 Rd8 31. Qb3 Qd7 32. Qc2 Qc6 33. Qc4 Rd7 34. a4 a6 35. Kf2 Rg7 36. Nf4 Rg8 37. Qd5 Qc7 38. Ne2 f4 39. g4 Bf6 40. Qd6 Qg7 41. Rd3 Be5 42. Qd5 Qg5 43. Rh3 Qg7 44. c6 Qa7+ 45. Kf1 Bg7 46. Nxf4 Rf8 47. Rf3 Qc7 48. Ne6 Rxf3+ 49. Qxf3 Qb6 50. Nxg7 Qb1+ 51. Kg2 Qc2+ 52. Kg3 Kxg7 53. g5 Kg8 54. Qd5+ Kg7 55. Qe5+ Kg8 56. c7 Qd3+ 57. Kg4 Qc4+ 58. Qf4 Qe2+ 59. Kf5 Qd3+ 60. Ke6 Qb3+ 61. Kd7 Qd5+ 62. Qd6 Qf7+ 63. Kc8 Qf5+ 64. Kb7 Qe4+ 65. Qc6 1-0

[Event "Nantes op 6th"]
[Site "Nantes"]
[Date "2007.12.29"]
[Round "7"]
[White "Bourdonnais, Loic"]
[Black "Hutois, Mickael"]
[Result "0-1"]
[WhiteElo "2180"]
[BlackElo "1956"]
[PlyCount "66"]
[EventDate "2007.12.26"]
[EventType "swiss"]
[EventRounds "7"]
[EventCountry "FRA"]
[SourceTitle "CBM 122 Extra"]
[Source "ChessBase"]
[SourceDate "2008.03.04"]
[SourceVersion "1"]
[SourceVersionDate "2008.03.04"]
[SourceQuality "1"]

1. c4 Nf6 2. g3 g6 3. Bg2 Bg7 4. Nc3 0-0 5. e4 d6 6. Nge2 e5 7. 0-0 c6 8. d3 Nh5 9. Be3 f5 10. Qd2 Be6 11. f4 Nd7 12. Rad1 Ndf6 13. h3 fxe4 14. dxe4 Bxc4 15. Qxd6 Qxd6 16. Rxd6 exf4 17. gxf4 Ne8 18. Rd7 Bxc3 19. Nxc3 Bxf1 20. Bxf1 b5 21. e5 Rf7 22. Rxf7 Kxf7 23. Bg2 Rc8 24. Ne4 h6 25. h4 Nhg7 26. Nc5 Nf5 27. Bf2 Neg7 28. Be4 Ne6 29. Nb7 Rc7 30. Nd6+ Nxd6 31. exd6 Rd7 32. h5 gxh5 33. f5 Ng5 0-1

[Event "Nantes op 6th"]
[Site "Nantes"]
[Date "2007.12.28"]
[Round "5"]
[White "Bourdonnais, Loic"]
[Black "Giraud, Thierry"]
[Result "1-0"]
[WhiteElo "2180"]
[BlackElo "1959"]
[PlyCount "51"]
[EventDate "2007.12.26"]
[EventType "swiss"]
[EventRounds "7"]
[EventCountry "FRA"]
[SourceTitle "CBM 122 Extra"]
[Source "ChessBase"]
[SourceDate "2008.03.04"]
[SourceVersion "1"]
[SourceVersionDate "2008.03.04"]
[SourceQuality "1"]

1. c4 e5 2. g3 Nf6 3. Bg2 Bc5 4. Nc3 0-0 5. e3 Re8 6. Nge2 c6 7. 0-0 Bf8 8. d4 d6 9. b4 Qc7 10. Bb2 Bf5 11. Rc1 Nbd7 12. h3 h5 13. Kh1 Rad8 14. f3 Nb6 15. e4 Bc8 16. Qb3 exd4 17. Nxd4 d5 18. cxd5 Qxg3 19. Nce2 Qh4 20. dxc6 Bxh3 21. Bxh3 Qxh3+ 22. Kg1 Bd6 23. Rf2 bxc6 24. Rg2 Be5 25. Nf5 g6 26. Nh6+ 1-0

[Event "Neuilly Ernst Young Trophy"]
[Site "Neuilly"]
[Date "2006.05.13"]
[Round "4"]
[White "Camus de Solliers, Guillaume"]
[Black "Bourdonnais, Loic"]
[Result "1-0"]
[WhiteElo "2279"]
[BlackElo "2129"]
[PlyCount "53"]
[EventDate "2006.05.13"]
[EventType "swiss"]
[EventRounds "4"]
[EventCountry "FRA"]
[SourceTitle "EXT 2007"]
[Source "ChessBase"]
[SourceDate "2006.11.23"]
[SourceVersion "1"]
[SourceVersionDate "2006.11.23"]
[SourceQuality "1"]

1. d4 d5 2. c4 c6 3. Nc3 e6 4. e3 f5 5. Bd3 Nf6 6. Nge2 Bd6 7. f3 b6 8. 0-0 0-0 9. Qc2 Qc7 10. g3 a6 11. Bd2 c5 12. cxd5 c4 13. Bxf5 exf5 14. e4 fxe4 15. fxe4 Bh3 16. Rf2 Nbd7 17. Nf4 Ng4 18. Rf3 Nde5 19. dxe5 Qc5+ 20. Kh1 Bxe5 21. Na4 Nf2+ 22. Kg1 Rxf4 23. gxf4 Qd4 24. Bc3 Nd3+ 25. Bxd4 Bxd4+ 26. Kh1 Rf8 27. Qxd3 1-0

[Event "FRA-ch U20"]
[Site "Aix les Bains"]
[Date "2006.04.??"]
[Round "7"]
[White "Bourdonnais, Loic"]
[Black "Boizante, Yvain"]
[Result "0-1"]
[WhiteElo "2129"]
[BlackElo "2148"]
[PlyCount "53"]
[EventDate "2006.04.??"]
[EventType "swiss"]
[EventRounds "8"]
[EventCountry "FRA"]
[SourceTitle "EXT 2007"]
[Source "ChessBase"]
[SourceDate "2006.11.23"]
[SourceVersion "1"]
[SourceVersionDate "2006.11.23"]
[SourceQuality "1"]

1. c4 e5 2. g3 Nc6 3. Bg2 g6 4. Nc3 Bg7 5. e3 d6 6. Nge2 Nh6 7. 0-0 0-0 8. d3 Be6 9. Rb1 a5 10. a3 Qd7 11. Nd5 Bh3 12. e4 Bxg2 13. Kxg2 f5 14. f3 fxe4 15. dxe4 Nf7 16. b3 Nfd8 17. Be3 Ne6 18. c5 Ncd4 19. cxd6 Qxd6 20. a4 Ra6 21. Nxd4 exd4 22. Bc1 c6 23. Nf4 Nxf4+ 24. Bxf4 Qe7 25. Qd3 Raa8 26. Rbc1 g5 27. Bd2 0-1

[Event "FRA-ch U20"]
[Site "Aix les Bains"]
[Date "2006.04.??"]
[Round "8"]
[White "Coulon, Guillaume"]
[Black "Bourdonnais, Loic"]
[Result "0-1"]
[WhiteElo "2001"]
[BlackElo "2129"]
[PlyCount "86"]
[EventDate "2006.04.??"]
[EventType "swiss"]
[EventRounds "8"]
[EventCountry "FRA"]
[SourceTitle "EXT 2007"]
[Source "ChessBase"]
[SourceDate "2006.11.23"]
[SourceVersion "1"]
[SourceVersionDate "2006.11.23"]
[SourceQuality "1"]

1. e4 c5 2. Nf3 g6 3. Nc3 Bg7 4. d4 cxd4 5. Nxd4 Nc6 6. Be3 Nf6 7. f3 0-0 8. Bc4 Qb6 9. 0-0 Ng4 10. fxg4 Bxd4 11. Bxd4 Qxd4+ 12. Qxd4 Nxd4 13. Nd5 Nc6 14. Bb5 Kg7 15. h3 b6 16. c3 Bb7 17. Rad1 Rad8 18. Rf2 f6 19. Rfd2 Ne5 20. Nc7 Kf7 21. Bxd7 Rxd7 22. Rxd7 Nxd7 23. Rxd7 Bxe4 24. Nb5 Bc6 25. Rxa7 Bxb5 26. Rb7 Bd3 27. Rxb6 Ra8 28. a3 Ra7 29. Rb4 e5 30. a4 f5 31. gxf5 gxf5 32. b3 e4 33. Kf2 f4 34. Rb6 Bc2 35. Rb5 Ke6 36. Rb6+ Ke5 37. Rb5+ Ke6 38. Rb6+ Ke7 39. Rb5 Rd7 40. a5 e3+ 41. Kf3 Bd1+ 42. Kxf4 e2 43. Re5+ Kd6 0-1